000 00968nam a22002177a 4500
005 20161117154932.0
008 161117b2013 ck ad|||r|||| 00| 0 spa d
040 _aCO-BoIAVH
_cCO-BoIAVH
041 0 _aspa
044 _ack
090 _aFG-
_b0085
100 1 _aPeñuela-Recio, Lourdes
_eautora
245 1 0 _aRelación suelo-planta-animal en la sabana inundable de Casanare, Colombia /
_cLourdes Peñuela R., Anyela Mejía Aldana, Vanesa Ardila
260 _a[Bogotá?], Colombia :
_bGEF :
_bPNUD,
_c2013?.
300 _a1 plegable (17 páginas) :
_bilustraciones a color, gráficas y tablas ;
_c23 x 16 cm.
500 _aConservación de la biodiversidad en predios productivos.
650 2 4 _aSabanas inundables
_xEcología
_zCasanare (Departamento, Colombia)
650 2 4 _aSabanas inundables
_xEcosistemas
_zCasanare (Departamento, Colombia)
650 2 6 _aSuelo
_xVegetación
_zCasanare (Departamento, Colombia)
942 _2z
_cFolleto
999 _c19116
_d19116